000 00214nam a22000857a 4500
008 170113b xxu||||| |||| 00| 0 eng d
100 _92395
_aSoni.V.K.
245 _aComprehensive Maths-X
260 _aNew Delhi
_bL.P.
_c2011
999 _c5406
_d5406